| 000 | 00528nam a2200181Ia 4500 | ||
|---|---|---|---|
| 005 | 20240913130020.0 | ||
| 008 | 240913s9999||||xx |||||||||||||| ||und|| | ||
| 041 | _aENGLISH | ||
| 082 | _A617.8 R0 | ||
| 100 | _aWolfe,Jace | ||
| 245 | 0 | _aCochlear Implants : Audiologic Management and Considerations for Implantable Hearing Devices | |
| 250 | _a1st | ||
| 260 |
_c2020 _bPlural Publishin |
||
| 500 | _aREFERENCE | ||
| 650 |
_aAudiology Speech and Language Pathology _bAllied Health Science |
||
| 942 | _cREF | ||
| 999 |
_c246777 _d246777 |
||